Normal view
MARC view
Entry Personal Name
001 - CONTROL NUMBER
- control field: 1056031
003 - CONTROL NUMBER IDENTIFIER
- control field: OSt
005 - DATE AND TIME OF LATEST TRANSACTION
- control field: 20260121165803.0
008 - FIXED-LENGTH DATA ELEMENTS
- fixed length control field: 260121|| aca||aabn | a|a d
040 ## - CATALOGING SOURCE
- Original cataloging agency: OSt
- Transcribing agency: OSt
100 ## - HEADING--PERSONAL NAME
- Personal name: Arnold Beckmann, Laurent Bienvenu, Nataša Jonoska
670 ## - SOURCE DATA FOUND
- Source citation: Work cat.: (OSt)1621759: Arnold Beckmann, Laurent Bienvenu, Nataša Jonoska, Pursuit of the Universal
